000
00300nam a2200121Ia 4500
008
240624s9999 xx 000 0 und d
041
_a
eng
082
_a
332.632283 PAR
100
_a
PARAMESWARAN SUNIL K
245
_a
VALUATION OF OPTIONS
260
_a
New Delhi
_b
Tata McGraw-Hill
365
_c
RS
_b
33
999
_c
26035
_d
26035